Plantas y territorio en los sistemas tradicionales de salud en Colombia (Registro nro. 7607)
[ vista simple ]
| 000 -CABECERA | |
|---|---|
| Campo de control | 02422nam a22004217a 4500 |
| 005 - FECHA Y HORA DE LA ULTIMA TRANSACCION | |
| Campo de control | 20170708020002.0 |
| 008 - ELEMENTOS DE LONGITUD FIJA—INFORMACION GENERAL | |
| Campo de control | 130822b2012 ck ||||| |||| 00| 0 spa d |
| 020 ## - ISBN | |
| ISBN | 9789588343846 |
| 040 ## - FUENTE DE CATALOGACIÓN | |
| Agencia catalogadora original | CO-BoIAVH |
| Agencia transcriptora | CO-BoIAVH |
| 041 ## - IDIOMA | |
| Código de idioma para texto/pista de sonido o título separado | Español |
| 044 ## - PAÍS DE PUBLICACIÓN | |
| País de publicación | Colombia |
| 082 ## - NUMERO DE CLASIFICACION DECIMAL DEWEY | |
| Número de clasificación | 581.634 |
| Número del ítem | H919p |
| 100 1# - ASIENTO PRINCIPAL--NOMBRE PERSONAL | |
| Nombre personal | Matapí-Yucuna, Uldarico |
| 9 (RLIN) | 1782 |
| 245 10 - MENCION DE TITULO | |
| Título | Plantas y territorio en los sistemas tradicionales de salud en Colombia |
| Parte restante del título | contribuciones de la biodiversidad al bienestar humano y la autonomía |
| Mención de responsabilidad | Uldarico Matapí Yucuna ... [et al]. |
| 260 ## - PUBLICACION, DISTRIBUCION, ETC. (PIE DE IMPRENTA) | |
| Lugar de publicación, distribución, etc. | Bogotá |
| Nombre del editor, distribuidor, etc. | Instituto de Investigación de Recursos Biológicos Alexander von Humboldt |
| Fecha de publicación, distribución, etc. | 2012 |
| 300 ## - DESCRIPCION FISICA | |
| Extensión | 192 páginas : |
| Otros detalles físicos | ilustraciones ; |
| Dimensiones | 22 x 21 cm. |
| 504 ## - NOTA DE BIBLIOGRAFIA, ETC. | |
| Nota de bibliografía | Incluye referencias bibliográficas (p. 190-191) |
| 505 0# - NOTA DE CONTENIDO | |
| Nota de contenido | Capítulo 1 - Pensamiento y territorio. |
| 505 0# - NOTA DE CONTENIDO | |
| Nota de contenido | Capítulo 2 - Humanidad. |
| 505 0# - NOTA DE CONTENIDO | |
| Nota de contenido | Capítulo 3 - Enfermedad. |
| 505 0# - NOTA DE CONTENIDO | |
| Nota de contenido | Capítulo 4 - Medicinas. |
| 520 ## - NOTA DE RESUMEN, ETC. | |
| Nota de resumen | Publicación inscrita en el proceso de investigación del Instituto Humboldt y su programa dimensiones Socioeconómicas de la Conservación y Uso de la Biodiversidad alrededor de los usos y el aprovechamiento de la biodiversidad y sus contribuciones al ser humano.<br/>El documento reúne los resultados obtenidos mediante cinco estudios de caso realizados con comunidades indígenas de la Costa Caribe y Upichía (Matapí) de la Amazonía, afrodescendientes de Nuquí en el Pacífico chocoano y de Palenque de San Basilio en el departamento de Bolívar, y campesinos del páramo de Rabanal en el Altiplano Cundiboyacense. <br/><br/>Describe la importancia de las plantas medicinales en la construcción de sistemas locales de salud y el manejo del territorio. |
| 590 ## - NOTA LOCAL | |
| Nota local | No. contribución IAVH 482 |
| 650 #6 - ASIENTO SECUNDARIO DE MATERIA - TERMINO TEMATICO | |
| Término temático o nombre geográfico como elemento de entrada | Plantas medicinales |
| 9 (RLIN) | 65229 |
| 650 #6 - ASIENTO SECUNDARIO DE MATERIA - TERMINO TEMATICO | |
| Término temático o nombre geográfico como elemento de entrada | Botánica médica |
| Subdivisión geográfica | Colombia |
| 9 (RLIN) | 65230 |
| 650 #6 - ASIENTO SECUNDARIO DE MATERIA - TERMINO TEMATICO | |
| Término temático o nombre geográfico como elemento de entrada | Medicina tradicional |
| Subdivisión geográfica | Colombia |
| 9 (RLIN) | 65231 |
| 650 #6 - ASIENTO SECUNDARIO DE MATERIA - TERMINO TEMATICO | |
| Término temático o nombre geográfico como elemento de entrada | Población indígena |
| Subdivisión geográfica | Colombia |
| 9 (RLIN) | 65232 |
| 650 #6 - ASIENTO SECUNDARIO DE MATERIA - TERMINO TEMATICO | |
| Término temático o nombre geográfico como elemento de entrada | Política de salud |
| Subdivisión geográfica | Colombia |
| 9 (RLIN) | 65233 |
| 650 #6 - ASIENTO SECUNDARIO DE MATERIA - TERMINO TEMATICO | |
| Término temático o nombre geográfico como elemento de entrada | Política médica |
| Subdivisión geográfica | Colombia |
| 9 (RLIN) | 65234 |
| 650 #6 - ASIENTO SECUNDARIO DE MATERIA - TERMINO TEMATICO | |
| Término temático o nombre geográfico como elemento de entrada | Conocimiento tradicional |
| Subdivisión geográfica | Colombia |
| 9 (RLIN) | 65235 |
| 700 1# - ASIENTO SECUNDARIO - NOMBRE PERSONAL | |
| Nombre personal | Meléndez-Santacruz, Iván |
| 9 (RLIN) | 1789 |
| 700 1# - ASIENTO SECUNDARIO - NOMBRE PERSONAL | |
| Nombre personal | Pérez-Salinas, Manuel |
| 9 (RLIN) | 1790 |
| 700 1# - ASIENTO SECUNDARIO - NOMBRE PERSONAL | |
| Nombre personal | Rodríguez-Gómez, Rubén |
| 9 (RLIN) | 1791 |
| 700 1# - ASIENTO SECUNDARIO - NOMBRE PERSONAL | |
| Nombre personal | Martínez, Gustavo |
| 9 (RLIN) | 1792 |
| 700 1# - ASIENTO SECUNDARIO - NOMBRE PERSONAL | |
| Nombre personal | Vásquez, Carlos |
| Término de relación | compilador |
| 9 (RLIN) | 1793 |
| 700 1# - ASIENTO SECUNDARIO - NOMBRE PERSONAL | |
| Nombre personal | Restrepo, Sebastián |
| Término de relación | compilador |
| 9 (RLIN) | 65236 |
| 942 ## - ELEMENTOS ADICIONALES (KOHA) | |
| Sistema de clasificación | Dewey Decimal Classification |
| Tipo de ítem | Libro |
| Koha issues (borrowed), all copies | 1 |
| Withdrawn status | Lost status | Sistema de Clasificación | Damaged status | No para préstamo | Colección | Inventariado | Ubicación Permanente | Ubicación actual | Fecha de adquisición | Fuente de Valor | Valor | Total Checkouts | Total Renewals | Número topográfico | Inventario / Código de Barras | Date last seen | Date checked out | Ejemplar | Price effective from | Forma de adquisición | Tipo de material |
|---|---|---|---|---|---|---|---|---|---|---|---|---|---|---|---|---|---|---|---|---|---|
| Dewey Decimal Classification | Humboldt | Inventariado 2017 | Bogotá | Bogotá | 22/08/2013 | Instituto | 39000.00 | 4 | 2 | IAVH 581.634 H919p | 058404 | 12/04/2018 | 02/04/2018 | Ej. 1 | 22/08/2013 | Institucional | Libro | ||||
| Dewey Decimal Classification | Humboldt | Bogotá | Bogotá | 03/01/2020 | IAVH-581.634 H919p | 043971 | 03/01/2020 | Ej. 3 | 03/01/2020 | Institucional | Libro | ||||||||||
| Dewey Decimal Classification | Humboldt | Inventariado 2017 | Sala Fabio Quevedo | Sala Fabio Quevedo | 13/04/2016 | Instituto | 39000.00 | 1 | IAVH-581.634 H919p | 039929 | 11/07/2017 | 07/07/2017 | Ej. 2 | 13/04/2016 | Institucional | Libro |